000 00470nam a2200169Ia 4500
008 090711s9999 xx 000 0 und d
082 _b18286
100 _aमोकाशी दि. बा.
245 _aलामणदिवा
260 _c1963
300 _a160
600 _aमोकाशी दि. बा.
630 _aलामणदिवा
700 _aमोकाशी दि. बा.
730 _aलामणदिवा
942 _cBOOK
999 _c305277
_d305277